[Event "Finistere-chT 0102"]
[Site "Finistere"]
[Date "2002.03.02"]
[Round "5.19"]
[White "Coriou, Severine"]
[Black "Merkel, Arnaud"]
[Result "0-1"]
[WhiteElo "1050"]
[BlackElo "1499"]
[PlyCount "62"]
[EventDate "2001.??.??"]
[EventType "team"]
[EventRounds "7"]
[EventCountry "FRA"]
[SourceTitle "EXT 2003"]
[Source "ChessBase"]
[SourceDate "2002.11.25"]
[SourceVersion "1"]
[SourceVersionDate "2002.11.25"]
[SourceQuality "1"]

1. e4 c5 2. Nf3 e6 3. Nc3 Nc6 4. Bb5 a6 5. Bxc6 bxc6 6. d4 Bb7 7. Be3 Qb6 8. Na4 Qa5+ 9. c3 cxd4 10. Bxd4 Rc8 11. Qb3 Qb5 12. Nd2 c5 13. c4 Qxb3 14. Nxb3 cxd4 15. Nxd4 Rxc4 16. b3 Rxd4 17. Rc1 a5 18. 0-0 Bb4 19. Rc7 Ba6 20. Nb6 Ne7 21. Ra7 Bc8 22. Ra8 0-0 23. h3 d5 24. exd5 exd5 25. a4 Bc5 26. Nxc8 Rxc8 27. Rxa5 Rd2 28. Rb1 Rxf2 29. b4 Rb2+ 30. Kh2 Bd6+ 31. Kh1 Rxb1# 0-1

[Event "Finistere-chT 0102"]
[Site "Finistere"]
[Date "2001.11.10"]
[Round "2.12"]
[White "Merkel, Arnaud"]
[Black "Boudehen, Stephanie"]
[Result "1-0"]
[WhiteElo "1470"]
[BlackElo "1550"]
[PlyCount "81"]
[EventDate "2001.??.??"]
[EventType "team"]
[EventRounds "7"]
[EventCountry "FRA"]
[SourceTitle "EXT 2003"]
[Source "ChessBase"]
[SourceDate "2002.11.25"]
[SourceVersion "1"]
[SourceVersionDate "2002.11.25"]
[SourceQuality "1"]

1. d4 Nf6 2. c4 d6 3. Nf3 g6 4. Nc3 Bg7 5. Bf4 0-0 6. h3 c6 7. e3 Nbd7 8. Be2 Qc7 9. 0-0 e5 10. dxe5 dxe5 11. Bh2 b6 12. Qa4 c5 13. Rfd1 Re8 14. Nd5 Nxd5 15. cxd5 Bb7 16. Bb5 Red8 17. d6 Qc8 18. Bxd7 Qxd7 19. Qxd7 Rxd7 20. Nxe5 Rdd8 21. Rab1 Be4 22. Rbc1 Bf5 23. b4 Rac8 24. a3 cxb4 25. Rxc8 Rxc8 26. axb4 a5 27. b5 a4 28. g4 Be6 29. Nc6 Bf6 30. Ne7+ Kg7 31. Nxc8 a3 32. d7 a2 33. Nxb6 Bd8 34. Nc8 Bxd7 35. Na7 Be6 36. Be5+ f6 37. Bc3 Bb6 38. Nc6 Bc4 39. Rd7+ Kf8 40. Rxh7 Bxb5 41. Rb7 1-0